| 000 | 00421nam a22001337a 4500 | ||
|---|---|---|---|
| 008 | 210823b ||||| |||| 00| 0 eng d | ||
| 082 | _aEnglish Cap No.4 | ||
| 100 | _aSinchuri, Aubash | ||
| 245 | _aFor `sama` from the lens of existentialism and effect of orientalism on the Syrian civil war | ||
| 260 |
_aThimphu : _bRoyal Thimphu College, _c2021. |
||
| 300 |
_a28 p. _c30 cm. |
||
| 650 | _astudent capstone | ||
| 942 | _2ddc | ||
| 999 |
_c8850 _d8851 |
||